3 films - 1 acteur - Statistiques

Statistiques générales
  • Ce quiz a été pris 60 fois
  • Le résultat moyen est 4 sur 15
Statistiques - réponses
Hint Réponse % Correct
SOS Fantômes Alien, le 8e passager Avatar Sigourney Weaver
69%
Les Frères Grimm The Dark Knight Casanova Heath Ledger
48%
The Fountain Prisoners Scoop Hugh Jackman
43%
Eyes Wide Shut Le Seigneur des anneaux : la communauté de l'anneau L'étrange histoire de Benjamin Button Cate Blanchett
41%
Interstellar The French Dispatch Les filles du docteur March Timothée Chalamet
37%
American Psycho Platoon The Lighthouse Willem Dafoe
35%
Alice au pays des merveilles (2010) Dark Waters Interstellar Anne Hathaway
31%
Huit femmes La grande bellezza La belle époque Fanny Ardant
31%
L.A Confidential L'échange Man of Steel Russell Crowe
26%
Mais qui a tué Pamela Rose ? La guerre des boutons (2011) Valérian et la cité des mille planètes Alain Chabat
24%
Dune (2021) The Flash Justice League Jason Momoa
19%
Memories of murder Snowpiercer, le transperceneige Lady Vengeance Song Kang-Ho
15%
La cité des enfants perdus Drive Pacific Rim Ron Perlman
13%
28 semaines plus tard American Gangster Avengers : l'ère d'Ultron Idris Elba
9%
Le choc des titans Mad-Max Fury Road La Favorite Nicholas Hoult
6%
Aucun quiz correspondant
Distribution des résultats
% des personnes avec chaque résultat
Percentile par nombre de réponses
Votre historique - résultats
Vous n’avez pas pris ce quiz